Statistical inference: (Record no. 8590)

MARC details
000 -LEADER
fixed length control field 00573nam a22002057a 4500
003 - CONTROL NUMBER IDENTIFIER
control field OSt
005 - DATE AND TIME OF LATEST TRANSACTION
control field 20240618095409.0
008 - FIXED-LENGTH DATA ELEMENTS--GENERAL INFORMATION
fixed length control field 240618b |||||||| |||| 00| 0 eng d
020 ## - INTERNATIONAL STANDARD BOOK NUMBER
International Standard Book Number 0340740590
040 ## - CATALOGING SOURCE
Transcribing agency must
082 ## - DEWEY DECIMAL CLASSIFICATION NUMBER
Classification number 519.5 MIG 1999
100 ## - MAIN ENTRY--PERSONAL NAME
Personal name Migon,H S
9 (RLIN) 17416
245 ## - TITLE STATEMENT
Title Statistical inference:
Remainder of title An integrated Approach/
Statement of responsibility, etc. H S Migon and D Gamerman
260 ## - PUBLICATION, DISTRIBUTION, ETC. (IMPRINT)
Place of publication, distribution, etc. US:
Name of publisher, distributor, etc. Oxford University press inc;
Date of publication, distribution, etc. c1999
300 ## - PHYSICAL DESCRIPTION
Extent ix,262p.:
Other physical details ill;
Dimensions 23cm.
504 ## - BIBLIOGRAPHY, ETC. NOTE
Bibliography, etc Includes Indexes
600 ## - SUBJECT ADDED ENTRY--PERSONAL NAME
Source of heading or term Statistics
700 ## - ADDED ENTRY--PERSONAL NAME
Personal name Gamerman, D
9 (RLIN) 17417
942 ## - ADDED ENTRY ELEMENTS (KOHA)
Source of classification or shelving scheme Dewey Decimal Classification
Koha item type Open Shelf
Holdings
Withdrawn status Lost status Source of classification or shelving scheme Damaged status Not for loan Home library Current library Date acquired Source of acquisition Inventory number Total Checkouts Full call number Barcode Date last seen Price effective from Koha item type
    Other/Generic Classification Scheme     MUST Main Library MUST Main Library 18/06/2024 Donation 03/20639   519.5 MIG 1999 2024-20725 18/06/2024 18/06/2024 Open Shelf